Kvalitativní aspekty v zemědělské výrobě

Podrobná bibliografia
Hlavný autor: Prugar, Jaroslav, 1928-2012 (Autor)
Médium: Článok
Jazyk:slovenčina
Predmet:

MARC

LEADER 00000nab a2200000 a 4500
001 vtls000033274
003 SK-MaSNL
005 20260303184749.0
008 160201c1979 xo 0 slo
015 |a SNBRB19rr/mm-uuuuu 
035 |a CL0043368 
040 |a SNKBUCL  |b slo  |c SNKBUCL  |e AACR2 
041 0 |a slo 
044 |a xo  |c SK 
080 |a 631  |2 1981 
100 1 |a Prugar, Jaroslav,  |d 1928-2012  |4 aut  |9 213906 
245 1 0 |a Kvalitativní aspekty v zemědělské výrobě  |c Jaroslav Prugar 
650 0 7 |a poľnohospodárska výroba  |2 snkbucl  |9 973 
655 7 |a články z novín a časopisov  |2 snkbucl  |9 267496 
773 0 |t Agrochémia  |g Roč. 19, č. 6 (1979), s. 190-191 
850 |a Slovenská národná knižnica v Martine  |a MTA001 
852 |a SNK  |b KIS3GCP 
957 |a 3100 
958 |a RK 
958 |a CZ 
992 |a RBX 
999 |c 2128024  |d 2129954